[Event "SRB-chT 2nd League West"]
[Site "Kragujevac"]
[Date "2019.09.08"]
[Round "4.2"]
[White "Pecinar, Zoran"]
[Black "Irizanin, Radoje"]
[Result "0-1"]
[WhiteElo "2157"]
[BlackElo "2293"]
[PlyCount "54"]
[EventDate "2019.09.06"]
[EventType "team-tourn"]
[EventRounds "11"]
[EventCountry "SRB"]
[SourceTitle "EXT 2020"]
[Source "ChessBase"]
[SourceDate "2019.10.17"]
[SourceVersion "1"]
[SourceVersionDate "2019.10.17"]
[SourceQuality "1"]
[WhiteTeam "Uzice Sloboda"]
[BlackTeam "Cacak Borac"]
[WhiteTeamCountry "SRB"]
[BlackTeamCountry "SRB"]

1. Nf3 d5 2. g3 Nf6 3. Bg2 e6 4. 0-0 Be7 5. c4 0-0 6. d3 c5 7. cxd5 exd5 8. d4 Nc6 9. Nc3 h6 10. dxc5 Bxc5 11. Na4 Be7 12. Be3 Ne4 13. Rc1 Bf6 14. Nd4 Re8 15. Nxc6 bxc6 16. Bd4 Ba6 17. Re1 Bb5 18. Nc3 Nxc3 19. Rxc3 Bxd4 20. Qxd4 Qb6 21. Qd2 d4 22. Rb3 Qc5 23. Bf3 Rad8 24. Rc1 Qd6 25. Rd1 Ba4 26. Ra3 Bxd1 27. Qxd1 d3 0-1

[Event "SRB-chT 2nd League West"]
[Site "Kragujevac"]
[Date "2019.09.07"]
[Round "3.2"]
[White "Pecinar, Zoran"]
[Black "Bugarcic, Ivan"]
[Result "1-0"]
[WhiteElo "2157"]
[BlackElo "2178"]
[PlyCount "63"]
[EventDate "2019.09.06"]
[EventType "team-tourn"]
[EventRounds "11"]
[EventCountry "SRB"]
[SourceTitle "EXT 2020"]
[Source "ChessBase"]
[SourceDate "2019.10.17"]
[SourceVersion "1"]
[SourceVersionDate "2019.10.17"]
[SourceQuality "1"]
[WhiteTeam "Uzice Sloboda"]
[BlackTeam "Ivanjica"]
[WhiteTeamCountry "SRB"]
[BlackTeamCountry "SRB"]

1. Nf3 g6 2. c4 Bg7 3. g3 b6 4. Bg2 Bb7 5. Nc3 Nf6 6. 0-0 c5 7. b3 d6 8. Bb2 e5 9. d3 0-0 10. e4 Nc6 11. Nd5 Nxd5 12. cxd5 Ne7 13. a3 h6 14. b4 f5 15. Qb3 Ba6 16. b5 Bc8 17. Nxe5 dxe5 18. d6+ Kh7 19. dxe7 Qxe7 20. exf5 Bxf5 21. Bxa8 Rxa8 22. f4 Rd8 23. Rad1 Bh3 24. Rf2 Bf5 25. Qc2 Bh3 26. Qb3 Be6 27. Qc2 Bd5 28. Bxe5 Ra8 29. h3 Bxe5 30. fxe5 Qxe5 31. Kh2 Qd4 32. Qe2 1-0

[Event "SRB-chT 2nd League West"]
[Site "Kragujevac"]
[Date "2019.09.06"]
[Round "1.2"]
[White "Pecinar, Zoran"]
[Black "Kahrovic, Mersid"]
[Result "1/2-1/2"]
[WhiteElo "2157"]
[BlackElo "2236"]
[PlyCount "23"]
[EventDate "2019.09.06"]
[EventType "team-tourn"]
[EventRounds "11"]
[EventCountry "SRB"]
[SourceTitle "EXT 2020"]
[Source "ChessBase"]
[SourceDate "2019.10.17"]
[SourceVersion "1"]
[SourceVersionDate "2019.10.17"]
[SourceQuality "1"]
[WhiteTeam "Uzice Sloboda"]
[BlackTeam "Prijepolje Priko"]
[WhiteTeamCountry "SRB"]
[BlackTeamCountry "SRB"]

1. Nf3 Nf6 2. c4 e6 3. g3 d5 4. Bg2 c6 5. Qc2 Be7 6. 0-0 0-0 7. d4 dxc4 8. Qxc4 Nbd7 9. Rd1 Qa5 10. Nc3 Qb4 11. Qxb4 Bxb4 12. Bd2 1/2-1/2

[Event "SRB-chT2 West"]
[Site "Arandjelovac"]
[Date "2018.10.04"]
[Round "6.5"]
[White "Pecinar, Zoran"]
[Black "Vlajkovic, Stanko"]
[Result "0-1"]
[WhiteElo "2150"]
[BlackElo "2224"]
[PlyCount "52"]
[EventDate "2018.09.07"]
[EventType "team-tourn"]
[EventRounds "11"]
[EventCountry "SRB"]
[SourceTitle "EXT 2021"]
[Source "ChessBase"]
[SourceDate "2020.10.23"]
[SourceVersion "1"]
[SourceVersionDate "2020.10.23"]
[SourceQuality "1"]
[WhiteTeam "Uzice Sloboda"]
[BlackTeam "Arandjelovac"]
[WhiteTeamCountry "SRB"]
[BlackTeamCountry "SRB"]

1. c4 Nf6 2. Nc3 g6 3. Nf3 Bg7 4. g3 0-0 5. Bg2 c6 6. 0-0 d5 7. cxd5 cxd5 8. d3 Nc6 9. Bd2 d4 10. Na4 e5 11. Rc1 Re8 12. Ng5 h6 13. Rxc6 bxc6 14. Bxc6 Bd7 15. Bxa8 Qxa8 16. Nf3 Bh3 17. Re1 e4 18. dxe4 Nxe4 19. Qc2 g5 20. Rd1 g4 21. Nh4 Bf6 22. f3 Nxd2 23. Rxd2 Bxh4 24. gxh4 gxf3 25. Kf2 fxe2 26. Rxe2 Qg2+ 0-1

[Event "SRB-chT2 West"]
[Site "Arandjelovac"]
[Date "2018.09.07"]
[Round "1.5"]
[White "Pecinar, Zoran"]
[Black "Rizvanovic, Ibrahim"]
[Result "1-0"]
[WhiteElo "2150"]
[BlackElo "2147"]
[PlyCount "75"]
[EventDate "2018.09.07"]
[EventType "team-tourn"]
[EventRounds "11"]
[EventCountry "SRB"]
[SourceTitle "EXT 2021"]
[Source "ChessBase"]
[SourceDate "2020.10.23"]
[SourceVersion "1"]
[SourceVersionDate "2020.10.23"]
[SourceQuality "1"]
[WhiteTeam "Uzice Sloboda"]
[BlackTeam "Tutin"]
[WhiteTeamCountry "SRB"]
[BlackTeamCountry "SRB"]

1. c4 Nf6 2. Nc3 e6 3. e4 e5 4. Nf3 Nc6 5. Be2 Bb4 6. d3 d6 7. h3 h6 8. Be3 0-0 9. Qd2 a6 10. g4 Nh7 11. 0-0-0 b5 12. Rdg1 f6 13. h4 g5 14. hxg5 hxg5 15. Rh3 Rf7 16. Rgh1 Rg7 17. d4 Bxc3 18. Qxc3 b4 19. Qd2 a5 20. d5 Nb8 21. Ne1 Nd7 22. Nd3 Ndf8 23. f3 Ba6 24. b3 Qd7 25. Nb2 Qe7 26. Na4 Bc8 27. c5 Ba6 28. c6 Bxe2 29. Qxe2 Qd8 30. Qb5 Qb8 31. Qxb8 Rxb8 32. Kd2 Ng6 33. Kd3 Nh4 34. Ke2 Ra8 35. Bf2 Ng6 36. Kd3 Rb8 37. Kc4 Nh4 38. R1h2 1-0

[Event "SRB-chT2 West"]
[Site "Kragujevac"]
[Date "2017.10.05"]
[Round "6"]
[White "Pecinar, Zoran"]
[Black "Bezarevic, Branko"]
[Result "1/2-1/2"]
[WhiteElo "2158"]
[BlackElo "2200"]
[PlyCount "64"]
[EventDate "2017.09.08"]
[EventType "team-tourn"]
[EventRounds "11"]
[EventCountry "SRB"]
[SourceTitle "EXT 2022"]
[Source "ChessBase"]
[SourceDate "2021.10.06"]
[SourceVersion "1"]
[SourceVersionDate "2021.10.06"]
[SourceQuality "1"]

1. Nf3 Nf6 2. c4 e6 3. g3 d5 4. Bg2 Be7 5. 0-0 0-0 6. Qc2 Nbd7 7. b3 b6 8. Bb2 Bb7 9. cxd5 Nxd5 10. Nc3 Nxc3 11. Bxc3 Qc8 12. Rac1 c5 13. Qb2 Nf6 14. Be5 Qd7 15. Rfd1 Rac8 16. d3 Rfd8 17. Rd2 Ne8 18. Rdc2 f6 19. Bc3 e5 20. b4 cxb4 21. Bxb4 Bxb4 22. Qxb4 Rxc2 23. Rxc2 Rc8 24. Rxc8 Bxc8 25. Nd2 g6 26. Qc4+ Kg7 27. Bc6 Qe7 28. Bxe8 Qxe8 29. Qc7+ Qd7 30. Qb8 Qb7 31. Qd6 Qd7 32. Qb8 Qb7 1/2-1/2

[Event "SRB-chT2 West"]
[Site "Kragujevac"]
[Date "2015.10.10"]
[Round "10.1"]
[White "Pecinar, Zoran"]
[Black "Stojkovic, Predrag S"]
[Result "1-0"]
[WhiteElo "2156"]
[BlackElo "2209"]
[PlyCount "95"]
[EventDate "2015.09.04"]
[EventType "team-tourn"]
[EventRounds "11"]
[EventCountry "SRB"]
[SourceTitle "EXT 2022"]
[Source "ChessBase"]
[SourceDate "2021.10.06"]
[SourceVersion "1"]
[SourceVersionDate "2021.10.06"]
[SourceQuality "1"]

1. c4 Nf6 2. Nf3 c6 3. g3 g6 4. Bg2 Bg7 5. 0-0 0-0 6. d3 d5 7. Qc2 dxc4 8. Qxc4 Nbd7 9. Nc3 Qa5 10. Bd2 Ne5 11. Qh4 Nxf3+ 12. Bxf3 Qf5 13. Rac1 Qh3 14. Qxh3 Bxh3 15. Rfe1 Be6 16. b3 Rac8 17. Na4 Nd7 18. Be3 a6 19. Rc2 Be5 20. Rec1 Bd6 21. Nb6 Nxb6 22. Bxb6 Ba3 23. Rd1 Bd6 24. Bc5 Bxc5 25. Rxc5 Rcd8 26. Rdc1 Rd4 27. Kf1 Rfd8 28. Ke1 Kf8 29. Kd2 R4d6 30. R1c2 Bd5 31. Bxd5 Rxd5 32. b4 Ke8 33. a4 e6 34. R2c3 Kd7 35. a5 Kc7 36. R3c4 Rd4 37. Kc3 Rxc4+ 38. Rxc4 Rd5 39. e4 Rh5 40. h4 Kd6 41. f4 Rb5 42. g4 c5 43. g5 cxb4+ 44. Rxb4 Kc6 45. Ra4 Rc5+ 46. Kd4 b5 47. axb6 Kxb6 48. Rxa6+ 1-0

[Event "SRB-chT2 West"]
[Site "Kragujevac"]
[Date "2015.10.08"]
[Round "6.1"]
[White "Djuric, Zoran"]
[Black "Pecinar, Zoran"]
[Result "1-0"]
[WhiteElo "2215"]
[BlackElo "2156"]
[PlyCount "125"]
[EventDate "2015.09.04"]
[EventType "team-tourn"]
[EventRounds "11"]
[EventCountry "SRB"]
[SourceTitle "EXT 2022"]
[Source "ChessBase"]
[SourceDate "2021.10.06"]
[SourceVersion "1"]
[SourceVersionDate "2021.10.06"]
[SourceQuality "1"]

1. e4 c5 2. Nf3 d6 3. d4 cxd4 4. Nxd4 Nf6 5. Nc3 g6 6. Be2 Bg7 7. Be3 Nc6 8. h3 Bd7 9. Qd2 Rc8 10. 0-0-0 0-0 11. Nb3 Na5 12. Kb1 Nc4 13. Bxc4 Rxc4 14. f3 b5 15. Bh6 b4 16. Bxg7 Kxg7 17. Nd5 Nxd5 18. Qxd5 Be6 19. Qb7 Qc7 20. Qxc7 Rxc7 21. Nd4 Bd7 22. Rhe1 Rb8 23. Re3 Rb6 24. Rd2 a5 25. Nb3 a4 26. Nd4 Rc5 27. Ne2 Rc3 28. Rxc3 bxc3 29. Nxc3 e6 30. a3 Kf6 31. Rd4 Ra6 32. Kc1 Ke5 33. Ne2 Bb5 34. f4+ Kf6 35. Nc3 Bf1 36. Rd2 Bc4 37. Rxd6 Rxd6 38. e5+ Ke7 39. exd6+ Kxd6 40. Kd2 Bf1 41. g3 Bxh3 42. Nxa4 f6 43. Ke3 Bg2 44. c4 g5 45. b4 h5 46. fxg5 fxg5 47. Nc3 h4 48. gxh4 gxh4 49. Ne4+ Ke5 50. Nd2 h3 51. Nf3+ Kf5 52. Nh2 Ke5 53. a4 Bc6 54. a5 Kd6 55. a6 e5 56. b5 Bg2 57. b6 Kc6 58. c5 Kd7 59. Ng4 Kc8 60. Kf2 Bd5 61. Kg3 e4 62. Ne3 Be6 63. c6 1-0

[Event "SRB-chT2 West"]
[Site "Kragujevac"]
[Date "2015.09.06"]
[Round "4.2"]
[White "Drcelic, Sreten"]
[Black "Pecinar, Zoran"]
[Result "1-0"]
[WhiteElo "2254"]
[BlackElo "2156"]
[PlyCount "83"]
[EventDate "2015.09.04"]
[EventType "team-tourn"]
[EventRounds "11"]
[EventCountry "SRB"]
[SourceTitle "EXT 2022"]
[Source "ChessBase"]
[SourceDate "2021.10.06"]
[SourceVersion "1"]
[SourceVersionDate "2021.10.06"]
[SourceQuality "1"]

1. Nf3 Nf6 2. d3 g6 3. c3 Bg7 4. e4 d6 5. g3 0-0 6. Qc2 c5 7. Bg2 Nc6 8. 0-0 Rb8 9. a4 Bd7 10. Re1 a6 11. Nh4 Qc8 12. f4 e6 13. Nd2 b5 14. axb5 axb5 15. Nb3 Ne7 16. Bf3 c4 17. Nd2 cxd3 18. Qxd3 d5 19. e5 Ne8 20. b4 Qc7 21. Nb3 Nc8 22. Be3 f6 23. Bd4 Rf7 24. Nc5 Qc6 25. Bg4 f5 26. Be2 Nc7 27. Nf3 Bf8 28. Bf2 Bxc5 29. Bxc5 Be8 30. Nd4 Qd7 31. Ra2 h6 32. Kh1 Rg7 33. g4 Qd8 34. Qh3 h5 35. gxh5 gxh5 36. Rg1 Rg4 37. Bxg4 fxg4 38. Qd3 Kg7 39. f5 exf5 40. Nxf5+ Kg8 41. Nh6+ Kg7 42. Nxg4 1-0

[Event "SRB-ch Central"]
[Site "Kragujevac"]
[Date "2015.03.10"]
[Round "3"]
[White "Pavlovic, Goran"]
[Black "Pecinar, Zoran"]
[Result "1/2-1/2"]
[WhiteElo "2368"]
[BlackElo "2169"]
[PlyCount "90"]
[EventDate "2015.03.09"]
[EventType "swiss"]
[EventRounds "9"]
[EventCountry "SRB"]
[SourceTitle "CBM 165 Extra"]
[Source "ChessBase"]
[SourceDate "2015.04.21"]
[SourceVersion "1"]
[SourceVersionDate "2015.04.21"]
[SourceQuality "1"]

1. d4 Nf6 2. c4 g6 3. Nc3 Bg7 4. e4 d6 5. Nf3 0-0 6. Be2 e5 7. d5 c5 8. Bg5 h6 9. Bh4 Na6 10. Nd2 Qd7 11. h3 Nc7 12. Nf1 Rb8 13. g4 a6 14. a4 Nh7 15. Ne3 b6 16. Qd2 Qe8 17. a5 b5 18. b3 Ng5 19. Bxg5 hxg5 20. Nc2 b4 21. Nd1 Qe7 22. Rg1 Bf6 23. Nb2 Kg7 24. Nd3 Na8 25. h4 Rh8 26. h5 Bd7 27. Ne3 Rbc8 28. Kd1 Kf8 29. Kc2 Ke8 30. Rh1 Kd8 31. hxg6 fxg6 32. Rxh8+ Bxh8 33. Rh1 Kc7 34. Nxb4 cxb4 35. Qxb4 Rb8 36. Qc3 Bg7 37. b4 Kd8 38. Kd2 Rc8 39. Nc2 Ke8 40. Qe3 Ba4 41. Na3 Qc7 42. Rc1 Rb8 43. Rb1 Bf6 44. Qc3 Bd8 45. f3 Kf8 1/2-1/2

[Event "SRB-chT2 West"]
[Site "Sabac"]
[Date "2014.09.26"]
[Round "2.1"]
[White "Pecinar, Zoran"]
[Black "Kiproski, Branislav"]
[Result "1-0"]
[WhiteElo "2177"]
[BlackElo "2207"]
[PlyCount "55"]
[EventDate "2014.09.25"]
[EventType "team-swiss"]
[EventRounds "6"]
[EventCountry "SRB"]
[SourceTitle "EXT 2015"]
[Source "ChessBase"]
[SourceDate "2014.11.20"]
[SourceVersion "1"]
[SourceVersionDate "2014.11.20"]
[SourceQuality "1"]

1. c4 c5 2. Nc3 Nc6 3. Nf3 Nf6 4. g3 g6 5. Bg2 d6 6. 0-0 Bg7 7. Rb1 Bd7 8. a3 Qc8 9. Re1 Bh3 10. Bh1 h5 11. Ng5 h4 12. Nxh3 hxg3 13. hxg3 Qxh3 14. Bg2 Qh2+ 15. Kf1 Rh5 16. e4 Nd4 17. Ne2 Nh7 18. d3 Ng5 19. Ng1 0-0-0 20. Be3 Rdh8 21. b4 Nh3 22. Nxh3 Rxh3 23. Bxd4 Bxd4 24. Qf3 e5 25. Ke2 cxb4 26. axb4 Bxf2 27. Rh1 Qxg3 28. Rxh3 1-0

[Event "SRB-chT2 West"]
[Site "Vrnjacka Banja"]
[Date "2013.10.12"]
[Round "4"]
[White "Matovic, Petar"]
[Black "Pecinar, Zoran"]
[Result "1/2-1/2"]
[WhiteElo "2244"]
[BlackElo "2170"]
[PlyCount "66"]
[EventDate "2013.10.10"]
[EventType "team-tourn"]
[EventRounds "8"]
[EventCountry "SRB"]
[SourceTitle "EXT 2014"]
[Source "ChessBase"]
[SourceDate "2013.11.20"]
[SourceVersion "1"]
[SourceVersionDate "2013.11.20"]
[SourceQuality "1"]

1. d4 Nf6 2. Nf3 g6 3. Bf4 Bg7 4. e3 d6 5. h3 0-0 6. Be2 c5 7. c3 b6 8. a4 Bb7 9. 0-0 Nbd7 10. Bh2 Qc7 11. c4 cxd4 12. Nxd4 Rac8 13. Nc3 Qb8 14. b3 Nc5 15. Rc1 Nfe4 16. Nxe4 Nxe4 17. Bf3 Qa8 18. Bxe4 Bxe4 19. f3 Bb7 20. Bg3 d5 21. Rf2 dxc4 22. bxc4 Rfd8 23. Rd2 Rd7 24. Qe2 Rcd8 25. Rcd1 Qc8 26. Nb5 a6 27. Nc7 e6 28. c5 Rxd2 29. Rxd2 Rxd2 30. Qxd2 bxc5 31. Qc2 Bf8 32. Qc4 h5 33. Be5 Be7 1/2-1/2

[Event "SRB-chT2 West"]
[Site "Valjevo"]
[Date "2010.10.14"]
[Round "6"]
[White "Nenadovic, Ljubisa"]
[Black "Pecinar, Zoran"]
[Result "1/2-1/2"]
[WhiteElo "2184"]
[BlackElo "2166"]
[PlyCount "46"]
[EventDate "2010.09.12"]
[EventType "team-tourn"]
[EventRounds "9"]
[EventCountry "YUG"]
[SourceTitle "EXT 2011"]
[Source "ChessBase"]
[SourceDate "2010.11.26"]
[SourceVersion "1"]
[SourceVersionDate "2010.11.26"]
[SourceQuality "1"]

1. d4 Nf6 2. c4 g6 3. Nc3 Bg7 4. e4 d6 5. f4 0-0 6. Nf3 c5 7. d5 e6 8. Be2 exd5 9. cxd5 Re8 10. e5 dxe5 11. fxe5 Ng4 12. Bg5 Qa5 13. 0-0 Nxe5 14. d6 Be6 15. Nd5 Nbd7 16. Nc7 Rac8 17. Nxe8 Rxe8 18. Nxe5 Bxe5 19. Qc2 Qb6 20. Bc4 Qxd6 21. Bxe6 Qxe6 22. Rfd1 Bd4+ 23. Kh1 Qg4 1/2-1/2

[Event "SRB-chT2 West"]
[Site "Valjevo"]
[Date "2010.09.12"]
[Round "1"]
[White "Pecinar, Zoran"]
[Black "Andjelic, Stevan"]
[Result "1-0"]
[WhiteElo "2166"]
[BlackElo "2109"]
[PlyCount "87"]
[EventDate "2010.09.12"]
[EventType "team-tourn"]
[EventRounds "9"]
[EventCountry "YUG"]
[SourceTitle "EXT 2011"]
[Source "ChessBase"]
[SourceDate "2010.11.26"]
[SourceVersion "1"]
[SourceVersionDate "2010.11.26"]
[SourceQuality "1"]

1. c4 e6 2. Nf3 Nf6 3. g3 d5 4. Bg2 c6 5. 0-0 Bd6 6. b3 0-0 7. Bb2 Nbd7 8. d4 Re8 9. Nbd2 b6 10. Qc2 Bb7 11. Ne5 Rc8 12. Nxd7 Qxd7 13. e4 dxe4 14. Nxe4 Nxe4 15. Bxe4 h6 16. Rfd1 Qe7 17. Rd3 c5 18. Bxb7 Qxb7 19. dxc5 Bxc5 20. Rad1 Be7 21. Rd7 Rc7 22. Qd3 Rxd7 23. Qxd7 Qa8 24. Qc7 Qf3 25. Rf1 Bc5 26. Qd7 Re7 27. Qd2 a5 28. Qc3 Qxc3 29. Bxc3 Rd7 30. Rc1 Rd3 31. Kf1 f6 32. Ke2 Rd7 33. Rb1 Ra7 34. Rd1 Kf7 35. Rd8 Ke7 36. Rg8 Kf7 37. Rb8 Ke7 38. Bd2 Kd7 39. Be3 Kd6 40. Rc8 Rc7 41. Re8 Re7 42. Rg8 Rd7 43. Bc1 Bb4 44. Be3 1-0

[Event "SRB-chT3 West"]
[Site "Serbia"]
[Date "2006.??.??"]
[Round "2"]
[White "Gazivoda, Slobodan M"]
[Black "Pecinar, Zoran"]
[Result "1-0"]
[WhiteElo "2114"]
[BlackElo "2115"]
[PlyCount "87"]
[EventDate "2006.09.09"]
[EventType "team"]
[EventRounds "11"]
[EventCountry "SRB"]
[SourceTitle "EXT 2012"]
[Source "ChessBase"]
[SourceDate "2011.11.24"]
[SourceVersion "1"]
[SourceVersionDate "2011.11.24"]
[SourceQuality "1"]

1. e4 c5 2. f4 Nc6 3. Nf3 d6 4. Bb5 Bd7 5. Nc3 e6 6. 0-0 a6 7. Bxc6 Bxc6 8. f5 e5 9. d3 Be7 10. Ne2 Nf6 11. c4 b5 12. b3 h6 13. Nc3 b4 14. Nd5 Nxd5 15. exd5 Bd7 16. Nd2 Qc7 17. Ne4 0-0-0 18. a3 a5 19. axb4 axb4 20. Be3 f6 21. Qh5 Rdf8 22. Ra2 Kb7 23. Rfa1 Qb6 24. Qf3 Ra8 25. Bxc5 Rxa2 26. Rxa2 dxc5 27. d6 Bxd6 28. Nxd6+ Kc7 29. Ne4 Rd8 30. Qf2 Bc8 31. Nxc5 Bxf5 32. Ra6 Rxd3 33. Nxd3 Qxa6 34. Qxf5 Qa1+ 35. Qf1 Qc3 36. Nc1 e4 37. Qf4+ Kd7 38. Qf5+ Kc7 39. Qc5+ Kd7 40. Qf5+ Kc7 41. Qf4+ Kd7 42. Qg4+ Kd6 43. Qg3+ Kc5 44. Qc7+ 1-0